| 000 | 00462nam a2200181Ia 4500 | ||
|---|---|---|---|
| 008 | 180207s9999 xx 000 0 und d | ||
| 020 | _a9780061208461 | ||
| 050 | _bF795 2008 | ||
| 100 | _aFoxworthy, Jeff | ||
| 245 | _aDirt on my shirt / | ||
| 245 | _cJeff Foxworthy ; illustrated byu Steve Bjorkman. | ||
| 260 | _aNew York : | ||
| 260 | _bHarperCollins, | ||
| 260 | _c2008 | ||
| 300 | _aunpaged : | ||
| 300 | _bcolor illustration ; | ||
| 300 | _c26cm. | ||
| 999 |
_c355369 _d355369 |
||